|
|
|
|
| LEADER |
01952nam a2200313 a 4500 |
| 001 |
0017246 |
| 003 |
BD-DhAAL |
| 008 |
091227s2007 onc b 001 0 eng d |
| 010 |
|
|
|a \\2007367018
|
| 020 |
|
|
|a 0774735430
|
| 040 |
|
|
|a DLC
|c DLC
|d DLC
|d BD-DhAAL
|
| 082 |
0 |
0 |
|a 305.5
|2 22
|
| 100 |
1 |
|
|a Grabb, Edward G.
|9 57763
|
| 245 |
1 |
0 |
|a Theories of social inequality /
|c Edward G. Grabb.
|
| 250 |
|
|
|a Third edition.
|
| 260 |
|
|
|a Toronto, ON :
|b Harcourt Brace & Company,
|c 2007.
|
| 300 |
|
|
|a xvi, 232 p. ;
|c 23 cm
|
| 504 |
|
|
|a Includes bibliographical references and index.
|
| 526 |
|
|
|a ESS
|x Kamrul Hasan
Lecturer
Department of Economics and Social Science
Course Name : Stratification, Inequality and Power (SOC 201).
|
| 541 |
1 |
|
|e 17246, 17247, 17248
|a Essence Science Publications
|
| 650 |
|
0 |
|a Social classes.
|
| 650 |
|
0 |
|a Equality.
|
| 650 |
|
0 |
|a Power (Social sciences).
|
| 852 |
4 |
|
|a Ayesha Abed Library
|c General Stacks
|
| 942 |
|
|
|2 ddc
|c BK
|
| 999 |
|
|
|c 6456
|d 6456
|
| 952 |
|
|
|0 0
|1 0
|2 ddc
|4 0
|6 305_500000000000000_GRA_1997
|7 0
|9 6537
|a BRACUL
|b BRACUL
|c GEN
|d 2009-12-27
|e Essence Science Publications
|g 3000.00
|l 2
|o 305.5 GRA
|p 3010017248
|r 2016-06-20
|s 2016-06-12
|t 3
|v 6000.00
|w 2009-12-27
|y BK
|x Requisitioned by Kamrul Hasan (Lecturer) for the course named - "Stratification, Inequality and Power" (SOC 201).
|
| 952 |
|
|
|0 0
|1 0
|2 ddc
|4 0
|6 305_500000000000000_GRA_1997
|7 0
|9 6538
|a BRACUL
|b BRACUL
|c GEN
|d 2009-12-27
|e Essence Science Publications
|g 3000.00
|l 1
|m 12
|o 305.5 GRA
|p 3010017247
|r 2018-12-09
|s 2018-09-18
|t 2
|v 6000.00
|w 2009-12-27
|y BK
|x Requisitioned by Kamrul Hasan (Lecturer) for the course named - "Stratification, Inequality and Power" (SOC 201).
|
| 952 |
|
|
|0 0
|1 0
|2 ddc
|4 0
|6 305_500000000000000_GRA_1997
|7 0
|9 6539
|a BRACUL
|b BRACUL
|c GEN
|d 2009-12-27
|e Essence Science Publications
|g 3000.00
|l 0
|o 305.5 GRA
|p 3010017246
|r 2009-12-27
|t 1
|v 6000.00
|w 2009-12-27
|y BK
|x Requisitioned by Kamrul Hasan (Lecturer) for the course named - "Stratification, Inequality and Power" (SOC 201).
|